000 02349cam a2200289 a 4500
005 20140903174854.0
008 910806s1645 sz fr 001 0 lat d
010 _a91180348
040 _aDLC
_cSandra Yazo (modificó)
_edcrb
_dSandra Yazo (modificó)
043 _ae-it---
082 0 4 _220
_a345
092 _aE26N042
100 1 _aGiurba, Mario,
_d1565-1649.
_937905
240 1 0 _aConsilia
242 0 0 _aConceptos y sentencias penales
_bObra en la que, por vez primera, se incluyen, con claridad y en forma completa, los temas de inmunidad eclesiástica, privilegios de la Patria y todo lo relacionado con el derecho penal.
_cMario Giurba
_yspa
245 1 0 _cD. Marij Giurba i.c. ...
_aConsilia, seu Decisiones criminales
_bopus quod ecclesiae immunitatis, patriae priuilegiorum, ac totius rei criminalis tractationem, nunc primum clarè, plenéque complectitur.
260 _aColoniae Allobrogum [Ginebra]
_bTypis Philippi Gamonet [A expensas de Samuel Crispini]
_c1645
300 _a[14], 630, [40] p.
_c34 x 23 cm.
500 _aDetalles físicos: Encuadernación flexible en pergamino, tapas manchadas, arrugadas y rotas. Guardas. Anteportada. Portada impresa en dos colores, con grabado (marca del impresor-editor en un óvalo, enmarcado en elementos clásicos, la célebre salamandra en llamas, emblema muy frecuente en el gremio). Dedicatoria a D. José de Nápoles, Presidente del Tribunal Real y Consejero de Felipe IV. Palabras del jurista Diego Cannata a los lectores. Elogios, en versos latinos e italianos, al autor y su obra. Texto impreso en caracteres romanos, en dos columnas, sobre papel de regular calidad. Párrafos numerados. Signaturas. Papel con muchas mancha por humedad. En la portada varias anotaciones: “Licenciado Don Francisco Ventura de Castillo y Toledo” y “Del Colegio del Rosario”. Y dos sellos de tinta: “El Colegio de Nuestra Señora del Rosario” y “Del Colegio de Nra. Sra. del Rosario”.
505 2 _a100 conceptos jurídicos, explicados y fundamentados, sobre diversos temas de materia penal, relacionados con Ambos Derechos.
506 _aConsulta en sala
546 _aTexto en latín.
650 7 _aConceptos (Derecho penal)
_zItalia
_97429
_xObras anteriores a 1800
650 7 _aDerecho penal
_934199
690 _aDerecho
942 _cLIBRO
_e1
_2DEWEY
_h345
999 _c166967
_d166967